Preservation of historical buildings and sites in Maseru (Record no. 54398)

MARC details
000 -LEADER
fixed length control field 00660nam a2200157 a 4500
008 - FIXED-LENGTH DATA ELEMENTS--GENERAL INFORMATION
fixed length control field 120416s1987 ||||||||||||||||| || u
050 ## - LIBRARY OF CONGRESS CALL NUMBER
Classification number NA 1596.6.L4 Pro
100 ## - MAIN ENTRY--PERSONAL NAME
Personal name Prochazkova-Costa, Dana
245 10 - TITLE STATEMENT
Title Preservation of historical buildings and sites in Maseru
260 ## - PUBLICATION, DISTRIBUTION, ETC.
Place of publication, distribution, etc. Maseru
Name of publisher, distributor, etc. Department of lands, surveys and physica
Date of publication, distribution, etc. 1987
300 ## - PHYSICAL DESCRIPTION
Extent 4, 116p. : ill.
350 ## - PRICE (NR) (BK AM CF MU VM SE) [OBSOLETE]
Price 0.00
500 ## - GENERAL NOTE
General note Maseru development plan working paper NR3A
650 ## - SUBJECT ADDED ENTRY--TOPICAL TERM
Topical term or geographic name entry element HISTORIC BUILDINGS--CONSERVATION AND RESTORATION
995 ## - RECOMMENDATION 995 [LOCAL, UNIMARC FRANCE]
-- 0.00
-- CBU-MAIN LIBRARY (Kitwe)
-- 1
-- 6.00
-- 1
-- DAMAGED
-- Main Library Open Access Collection
Holdings
Withdrawn status Lost status Source of classification or shelving scheme Damaged status Not for loan Home library Current library Shelving location Date acquired Total Checkouts Full call number Barcode Date last seen Price effective from Koha item type
          CBU-MAIN LIBRARY, KITWE. CBU-MAIN LIBRARY, KITWE.   11/30/2022   NA 1596.6.L4 Pro 018414 11/30/2022 11/30/2022 MONOGRAPH